L'Ouganda pour les touristes... - Statistiques

Statistiques générales
  • Ce quiz a été pris 2 fois
  • Le résultat moyen est 6 sur 20
Statistiques - réponses
Question Indice Réponses % Correct
Quelles sont les langues officielles ? Anglais
100%
Ce pays est plus grand que la France (oui/non) Non
100%
Quels est le climat local ? T Tropical
100%
Dans la capitale quel est le décalage horaire avec Paris ? (+ ou - et chiffre) ex - 10 + 1
50%
La religion majoritaire est Christianisme
50%
Quel est le régime du pays ? République
50%
Quel pays a accordé son indépendance à celui-ci ? Royaume-Uni
50%
Quelles sont les langues officielles ? Swahili
50%
Achats à faire 1/ Tissu avec peinture naïve Batik
0%
Quelles sont les principaux lieux touristiques ? M Chutes de {Murchison}
0%
Code sur les plaques minéralogiques EAU
0%
Le principal aéroport est E Entebbe
0%
Quelles sont les principaux lieux touristiques ? B Forêt de {Bwindi}
0%
Quelles sont les principaux lieux touristiques ? K Kampala
0%
Quelles sont les principaux lieux touristiques ? K {Kazinga} Channel
0%
3/ Autour de la taille Pagne
0%
Quelles sont les principaux lieux touristiques ? C Sanctuaire des {chimpanzés} de Ngamba island
0%
Achats à faire 2/ Paire de Sandales
0%
Quelle est la monnaie ? Shilling ougandais
0%
Le suffixe internet est ug
0%
Aucun quiz correspondant
Distribution des résultats
% des personnes avec chaque résultat
Percentile par nombre de réponses
Votre historique - résultats
Vous n’avez pas pris ce quiz